| 000 | 00982nam a2200241 i 4500 | ||
|---|---|---|---|
| 001 | 13305 | ||
| 003 | ES-MaACL | ||
| 005 | 20250815114643.0 | ||
| 007 | t| | ||
| 008 | 980128s1997 sp ||||1| spa d | ||
| 080 | _a577.182.44(043.2) | ||
| 100 | 1 |
_aSuárez Gea, Ana María. _9108622 |
|
| 245 | 1 | 0 |
_aProducción de anticuerpos frente a la nisina A _b: estrategias de inmunización y desarrollo de inmunoensayos : tesis doctoral / _cAna María Suárez Gea. |
| 260 |
_aMadrid : _bUniversidad Complutense de Madrid, Facultad de Veterinaria, _c1997. |
||
| 300 |
_aVI, 271 p. ; _c30 cm. |
||
| 502 | _aTesis-Univ. Complutense de Madrid. | ||
| 650 | 1 | 4 |
_aInmunoglobulinas. _9150267 |
| 650 | 7 |
_aInmunología veterinaria _2embne _913788 |
|
| 650 | 7 |
_aAnimales de laboratorio _2embne _9148581 |
|
| 710 | 2 |
_aUniversidad Complutense de Madrid. _bFacultad de Veterinaria. _97129 |
|
| 852 |
_aES-MaACL _jL-20668 _z- Dedicatoria autógrafa de la autora |
||
| 999 |
_c13305 _d13305 |
||